000 00640na a2200217 4500
001 19137
003 MIRAKIL
005 20181213155056.0
008 161208b tu 000 0
020 _a9789944512848
040 _aMilas
_btur
_cTR-AnCHP
041 _atur
082 _a370.9561
_bS34 2008
090 _a370.9561 S34 2008
245 _a80. yıl uluslararası eğitim forumu eğitim hakkı ve gelecek perspektifleri
_cTürk Eğitim Derneği
260 _aAnkara
_bTürk Eğitim Derneği
_c2008
300 _aix, 278 s.
_c24 sm.
650 _aHaklar
_xEğitim hakkı
710 _aTürk Eğitim Derneği
942 _2ddc
_cBKS
999 _c6096
_d6096